Current cost accounting : (Record no. 14129)
[ view plain ]
| 000 -LEADER | |
|---|---|
| fixed length control field | 01092nam a22003252a 4500 |
| 001 - CONTROL NUMBER | |
| control field | 14129 |
| 003 - CONTROL NUMBER IDENTIFIER | |
| rucl marc code | BD-RJUL |
| 005 - DATE AND TIME OF LATEST TRANSACTION | |
| control field | 20211208235557.0 |
| 008 - FIXED-LENGTH DATA ELEMENTS--GENERAL INFORMATION | |
| fixed length control field | 140205s1984 enk 000 0 eng d |
| 020 ## - INTERNATIONAL STANDARD BOOK NUMBER | |
| International Standard Book Number | 0131958356 |
| International Standard Book Number | 0131957937 (v.1) |
| International Standard Book Number | 0131958011 (v.2) |
| International Standard Book Number | 0131958194 (v.3) |
| International Standard Book Number | 0131958275 (v.4) |
| 035 ## - SYSTEM CONTROL NUMBER | |
| System control number | (BD-RJUL)14181 |
| 040 ## - CATALOGING SOURCE | |
| Original cataloging agency | UKM |
| Transcribing agency | UKM |
| Modifying agency | EQO |
| Language of cataloging | eng |
| 041 ## - LANGUAGE CODE | |
| Language code of text/sound track or separate title | eng |
| 082 ## - DEWEY DECIMAL CLASSIFICATION NUMBER | |
| Classification number | 657.48 |
| Edition number | 19 |
| Author mark and year | CUE 1984 |
| 245 00 - TITLE STATEMENT | |
| Title | Current cost accounting : |
| Remainder of title | the benefits and the costs / |
| Statement of responsibility, etc. | joint editors, Bryan Carsberg and Michael Page |
| 260 ## - PUBLICATION, DISTRIBUTION, ETC. (IMPRINT) | |
| Place of publication, distribution, etc. | Englewood Cliffs ; |
| -- | London : |
| Name of publisher, distributor, etc. | Prentice-Hall in association with the Institute of Chartered Accountants in England and Wales, |
| Date of publication, distribution, etc. | [c1984] |
| 300 ## - PHYSICAL DESCRIPTION | |
| Pagination | 85 p. ; |
| Size | 24 cm |
| 500 ## - GENERAL NOTE | |
| General note | Cover title |
| General note | In slip case |
| 650 #0 - SUBJECT ADDED ENTRY--TOPICAL TERM | |
| Topical term or geographic name as entry element | Accounting |
| Geographic subdivision | Great Britain |
| General subdivision | Effect of inflation on |
| 9 (RLIN) | 44139 |
| 700 1# - ADDED ENTRY--PERSONAL NAME | |
| Personal name | Carsberg, Bryan V. |
| Personal name | Page, M. J. |
| 710 2# - ADDED ENTRY--CORPORATE NAME | |
| Corporate name or jurisdiction name as entry element | Institute of Chartered Accountants in England and Wales. |
| 9 (RLIN) | 44141 |
| 942 ## - ADDED ENTRY ELEMENTS (KOHA) | |
| Source of classification or shelving scheme | Dewey Decimal Classification |
| Koha item type | Books |
| Lost status | Source of classification or shelving scheme | Damaged status | Not for loan | Collection code | Permanent Location | Current Location | Shelving location | Date acquired | Source of acquisition | Cost, normal purchase price | Total Checkouts | Full call number | Date last seen | Copy number | Koha item type |
|---|---|---|---|---|---|---|---|---|---|---|---|---|---|---|---|
| Dewey Decimal Classification | Not For Loan | Non-fiction | Central Library, University of Rajshahi | Central Library, University of Rajshahi | Reading Room | 29/09/1988 | ida credit | 14.32 | 657.48 CUR V-1 1984 | 05/02/2014 | C-1 | Books |